|
|
|
|
| LEADER |
00000cam a22000004a 4500 |
| 001 |
musev2_48150 |
| 003 |
MdBmJHUP |
| 005 |
20230905045014.0 |
| 006 |
m o d |
| 007 |
cr||||||||nn|n |
| 008 |
160404m20169999txu o 00 0 eng d |
| 010 |
|
|
|z 2016016167
|
| 020 |
|
|
|a 9781481305969
|
| 020 |
|
|
|z 9781481305952
|
| 020 |
|
|
|z 9781481305938
|
| 020 |
|
|
|z 9781481305921
|
| 035 |
|
|
|a (OCoLC)946032666
|
| 040 |
|
|
|a MdBmJHUP
|c MdBmJHUP
|
| 041 |
1 |
|
|a eng
|h eng
|
| 100 |
1 |
|
|a Wolter, Michael,
|e author.
|
| 240 |
1 |
0 |
|a Lukasevangelium.
|l English
|
| 245 |
1 |
4 |
|a The Gospel according to Luke :
|b Volume I (Luke 1-9:50) /
|c Michael Wolter ; translated by Wayne Coppins and Christoph Heilig.
|
| 264 |
|
1 |
|a Waco, Texas :
|b Baylor University Press,
|c 2016-
|
| 264 |
|
3 |
|a Baltimore, Md. :
|b Project MUSE,
|c 2016
|
| 264 |
|
4 |
|c ©2016-
|
| 300 |
|
|
|a 1 online resource (520 pages).
|
| 336 |
|
|
|a text
|b txt
|2 rdacontent
|
| 337 |
|
|
|a computer
|b c
|2 rdamedia
|
| 338 |
|
|
|a online resource
|b cr
|2 rdacarrier
|
| 490 |
0 |
|
|a Baylor-Mohr Siebeck studies in early Christianity
|
| 500 |
|
|
|a "Originally published in German as Das Lukasevangelium (Tubingen: Mohr Siebeck, 2008), with the ISBN 978-3161495250."
|
| 505 |
0 |
|
|a Volume 1. Luke 1-9:50.
|
| 588 |
|
|
|a Description based on print version record.
|
| 630 |
0 |
7 |
|a Bible.
|p Luke.
|2 fast
|0 (OCoLC)fst01892926
|
| 630 |
0 |
0 |
|a Bible.
|p Luke
|v Commentaries.
|
| 650 |
|
7 |
|a RELIGION
|x Biblical Studies
|x New Testament.
|2 bisacsh
|
| 650 |
|
7 |
|a RELIGION
|x Biblical Studies
|x Jesus, the Gospels & Acts.
|2 bisacsh
|
| 655 |
|
7 |
|a Commentaries.
|2 fast
|0 (OCoLC)fst01423723
|
| 655 |
|
7 |
|a Electronic books.
|2 local
|
| 710 |
2 |
|
|a Project Muse.
|e distributor
|
| 830 |
|
0 |
|a Book collections on Project MUSE.
|
| 856 |
4 |
0 |
|z Texto completo
|u https://projectmuse.uam.elogim.com/book/48150/
|
| 945 |
|
|
|a Project MUSE - Custom Collection
|
| 945 |
|
|
|a Project MUSE - 2016 Complete
|
| 945 |
|
|
|a Project MUSE - 2016 Philosophy and Religion
|